Central Library OPAC University of Rajshahi

عروج وزوال كا قراني دستور uruj wazawal ka qurani dustur / (Record no. 81187)

MARC details
000 -LEADER
fixed length control field 00615nam a2200205 4500
001 - CONTROL NUMBER
control field 81187
003 - CONTROL NUMBER IDENTIFIER
rucl marc code BD-RjUL
005 - DATE AND TIME OF LATEST TRANSACTION
control field 20230207150131.0
008 - FIXED-LENGTH DATA ELEMENTS--GENERAL INFORMATION
fixed length control field 230207s1945 p ||||| |||| 00| 0 u d
035 ## - SYSTEM CONTROL NUMBER
System control number (BD-RjUL)81187
040 ## - CATALOGING SOURCE
Original cataloging agency BD-RjUL
Language of cataloging eng
Transcribing agency BD-RjUL
041 ## - LANGUAGE CODE
Language code of text/sound track or separate title urd
082 ## - DEWEY DECIMAL CLASSIFICATION NUMBER
Edition number 23
Classification number 297.12509
Author mark and year AZU 1945
100 ## - MAIN ENTRY--PERSONAL NAME
Personal name Abul Kalam Azad
9 (RLIN) 6888
245 10 - TITLE STATEMENT
Title عروج وزوال كا قراني دستور uruj wazawal ka qurani dustur /
Statement of responsibility, etc. ابو الكلام ازاد Abul Kalam Azad
260 ## - PUBLICATION, DISTRIBUTION, ETC. (IMPRINT)
Place of publication, distribution, etc. Lahore :
Name of publisher, distributor, etc. BazamI Ishaat ,
Date of publication, distribution, etc. 1945
300 ## - PHYSICAL DESCRIPTION
Pagination 215 p. ;
Size 18 cm
650 ## - SUBJECT ADDED ENTRY--TOPICAL TERM
Topical term or geographic name as entry element Islam
942 ## - ADDED ENTRY ELEMENTS (KOHA)
Source of classification or shelving scheme Dewey Decimal Classification
Koha item type Books
Holdings
Lost status Source of classification or shelving scheme Damaged status Not for loan Collection code Permanent Location Current Location Shelving location Date acquired Source of acquisition Cost, normal purchase price Total Checkouts Full call number Date last seen Copy number Koha item type
  Dewey Decimal Classification   Not For Loan Non-fiction Central Library, University of Rajshahi Central Library, University of Rajshahi Reading Room 16/05/1967 Md. Mubarak Ali 3.00   U 297.12509 AZU 1945 07/02/2023 C-1 Books